Маскарад: драма в четырех действиях, в стихах

Bibliographic Details
Main Author: Лермонтов М. Ю. Михаил Юрьевич
Other Authors: Журавлева А. И. (автор предисловия), Некрасов В. Н. (иллюстратор), Спирин Г. К. Геннадий Константинович
Summary:Золотой верхний обрез, суперобложка.
Language:Russian
Published: Москва, Книга, 1985
Series:Книга и время
Subjects:
Format: Book
KOHA link:https://koha.lib.tpu.ru/cgi-bin/koha/opac-detail.pl?biblionumber=233759

MARC

LEADER 00000nam0a2200000 4500
001 233759
005 20231101231252.0
010 |b 7000 экз. 
035 |a (RuTPU)RU\TPU\book\254840 
090 |a 233759 
100 |a 20130311d1985 m y0rusy50 ca 
101 0 |a rus 
102 |a RU 
105 |a ac z 001gy 
200 1 |a Маскарад  |e драма в четырех действиях, в стихах  |f М. Ю. Лермонтов  |g вступит. ст., примечания, библиогр. списки А. И. Журавлевой, В. Н. Некрасова ; худож. Г. К. Спирин 
210 |a Москва  |c Книга  |d 1985 
215 |a 334 с.  |c ил., портр.  |d 10 см. 
225 1 |a Книга и время 
300 |a Золотой верхний обрез, суперобложка. 
320 |a Библиографические списки: с. 328-332 
320 |a Примечания: с. 321-327. 
610 1 |a русская литература 
610 1 |a поэтические произведения 
610 1 |a драмы 
610 1 |a 19 век 
610 1 |a миниатюрные издания 
686 |a Ч611.68  |v LBC/SL-A  |2 rubbk 
700 1 |a Лермонтов  |b М. Ю.  |c русский поэт  |c писатель  |f 1814-1841  |g Михаил Юрьевич  |2 stltpush  |3 (RuTPU)RU\TPU\pers\1023  |9 452 
702 1 |a Журавлева  |b А. И.  |4 080 
702 1 |a Некрасов  |b В. Н.  |4 080 
702 1 |a Спирин  |b Г. К.  |c художник  |c иллюстратор  |f 1948-  |g Геннадий Константинович  |2 stltpush  |3 (RuTPU)RU\TPU\pers\30172  |4 440  |9 14570 
801 1 |a RU  |b 63413507  |c 20130311 
801 2 |a RU  |b 63413507  |c 20130312  |g RCR 
942 |c BK